Ultimo - Discografia - Statistics

Statistiche generali
  • Questo quiz è stato fatto 695 volte
    663 dall'ultimo reset
  • Il punteggio medio è 52 su 74
Statistiche sulle risposte
Pianeti % Corretto
Alba Alba
97%
Pianeti Pianeti
97%
Peter Pan Peter Pan - Vuoi volare con me?
96%
Solo Solo
93%
Colpa delle favole Colpa delle favole
92%
Pianeti Giusy
90%
Alba Tu
88%
Pianeti Wendy
85%
Colpa delle favole I tuoi particolari
84%
Solo 22 settembre
83%
Colpa delle favole Piccola stella
83%
Pianeti Chiave
82%
Peter Pan Il ballo delle incertezze
82%
Pianeti Sogni appesi
82%
Alba Vieni nel mio cuore
82%
Pianeti Sabbia
80%
Peter Pan Farfalla bianca
78%
Alba Joker
78%
Solo Quel filo che ci unisce
78%
Solo Il bambino che contava le stelle
77%
Peter Pan Ti dedico il silenzio
76%
Solo Buongiorno vita
75%
Peter Pan La stella più fragile dell'universo
75%
Colpa delle favole Rondini al guinzaglio
75%
Colpa delle favole Amati sempre
74%
Solo Niente
74%
Solo 7+3
73%
Peter Pan Cascare nei tuoi occhi
73%
Solo La finestra di Greta
73%
Alba Nuvole in testa
73%
Pianeti Ovunque tu sia
73%
Colpa delle favole Aperitivo grezzo
72%
Colpa delle favole Ipocondria
72%
Colpa delle favole Quella casa che avevamo in mente
72%
Solo Tutto questo sei tu
72%
Alba Amare
71%
Peter Pan Dove il mare finisce
71%
Pianeti Il capolavoro
71%
Colpa delle favole La stazione dei ricordi
71%
Colpa delle favole Fateme canta'
70%
Peter Pan Il vaso
70%
Peter Pan Poesia senza veli
70%
Colpa delle favole Quando fuori piove
70%
Pianeti Racconterò di te
70%
Peter Pan Buon viaggio
69%
Peter Pan Canzone stupida
69%
Alba La pioggia di Londra
69%
Pianeti L'unica forza che ho
69%
Alba Ti va di stare bene
69%
Solo Quei ragazzi
67%
Alba Titoli di coda
67%
Solo Sul finale
66%
Solo 2:43 am
65%
Peter Pan La casa di un poeta
65%
Pianeti Mille Universi
65%
Peter Pan Domenica
63%
Pianeti L'eleganza delle stelle
63%
Solo Spari sul petto
63%
Pianeti Stasera
63%
Solo Isolamento
61%
Alba Sono pazzo di te
61%
Colpa delle favole Fermo
59%
Pianeti La storia di un uomo
59%
Solo Supereroi
57%
Colpa delle favole Il tuo nome - comunque vada con te
56%
Alba Vivo per vivere
56%
Alba Le solite paure
55%
Solo Non amo
55%
Peter Pan Forse dormirai
53%
Alba Tutto diventa normale
53%
Peter Pan Vorrei soltanto amarti
53%
Peter Pan Le stesse cose che facevo con te
50%
Solo Non sapere mai dove si va
48%
Alba Tornare da te
26%
Nessun quiz corrispondente trovato
Distribuzione punteggi
Percentuale di utenti per punteggio
Percentile per numero di risposta
I tuoi punteggi nel tempo
Non hai fatto questo quiz dall'ultimo reset